Names of the Clique Books Quiz Stats

 Plays Quiz not verified by Sporcle

Score 0/13 Timer 05:00
0 Plays Today
book # book title % Correct
1The Clique
97.8%
2Best Friends for Never
86.8%
6Dial L for Loser
84.6%
4Invasion of the Boy Snatchers
78%
9Bratfest at Tiffany's
78%
3Revenge of the Wannabes
76.9%
11Boys R Us
71.4%
5The Pretty Committee Strikes Back
69.2%
7It's Not Easy Being Mean
67%
8Sealed with a Diss
67%
10P.S. I Loathe You
58.2%
12These Boots Are Made for Stalking
58.2%
13My Little Phony
53.8%

You're not logged in!

Compare scores with friends on all Sporcle quizzes.
OR
Log In

Show Comments

Extras

Created Nov 25, 2010ReportNominate
Tags:Book Quiz, clique

Top Quizzes Today


Score Distribution

Your Account Isn't Verified!

In order to create a playlist on Sporcle, you need to verify the email address you used during registration. Go to your Sporcle Settings to finish the process.

Report this User

Report this user for behavior that violates our Community Guidelines.

Details: